01776nam a2200241Ia 45000010005000000080041000050100008000460410014000540820020000682450084000882600018001723000008001905200007001986300022002056300035002276300020002626300025002826300027003076500067003347000032004017000044004335201057004771032241029s9999 xx 000 0 und d a947 aEspañol aTPG MEE-07 2008 0aIntegración de las TIC´s en la enseñanza del español como lengua materna aSanto Domingo a127 a18 aCalidad Educativa aLenguaje y Lenguas-Enseñanza aMejora Continua aPrograma de Estudios aTecnología Educativa aTecnología de la Información y de la Comunicación (TICs) easesoraBlanco Canales, Ana eautoraMartínez Contreras, Pura Linet aEl estudio se planteó como objetivo principal motivar al conocimiento y aplicación de la Tecnología de la Información y Comunicación, TIC, al programa de estudios de Lengua Española como lengua materna en el Primer Curso del Primer Ciclo del Nivel Medio, desde una perspectiva teórica y práctica en los educandos del Instituto Politécnico Pilar Constanzo.  Se trabajó con una muestra de 45 estudiantes y 7 maestros del IPPC.  Las técnicas empleadas fueron la encuesta y entrevista.En conclusión, los educandos deben darle el verdadero valor e importancia a los medios electrónicos que existen.  El maestro de la asignatura de Lengua Española, debe continuamente actualizarse y la red puede contribuir a ello. La calidad de las intervenciones de las TIC, mejora la educación. Es precisa la creación por parte de los docentes de actividades que lleven al educando a la utilización adecuada de las TIC.  Es necesario mejorar la formación técnica de los docentes del Instituto Politécnico Pilar Constanzo (IPPC).